| 000 | 00424nam a22001577a 4500 | ||
|---|---|---|---|
| 003 | OSt | ||
| 020 | _a9789698535186 | ||
| 040 | _a1 | ||
| 082 |
_a920 _bBAZ 2014 |
||
| 100 | _aBazmi, Aslam | ||
| 245 |
_aOur Quaid _bAs Remembered and Reported _cAslam Bazmi |
||
| 260 |
_aIslamabad _bNUST _c2014 |
||
| 300 |
_a166 p. _b22 cm. |
||
| 650 | _aHard Work and Diligence, Commitment to Principles, Democratic Attitude | ||
| 942 |
_2ddc _cBK |
||
| 999 |
_c16102 _d16102 |
||